00310 a2200133 450000100060000002000060000604000240001210000480003624000250008424500200010930000070012936200090013665000310014570308 a  cAnchieta - Itaigara aGuedes, Inês Isabel Stanisiere dos Santos10aÁguas da vidalpor10aÁguas da vida a330 a2005 4aLiteratura infanto-juvenil